01478nab a2200217 i 4500001000400000003000400004005001700008008003900025040000800064041000800072044000800080080001700088100014600105245019600251260001000447500002100457520059900478650003101077650002901108773012301137BPPBPK20190610114322.0150323s2004 pl n f |000 0eng cBPK aeng aPOL a621.791/.795 aBORKOWSKI, Przemysław.d1993 - 1996.bWyższa Szkoła Inżynierska w Koszalinie - Wydział Mechaniczny,cKatedra Inżynierii Mechanicznej aThemodynamical aspects of high-pressure water-ice jet surface treatment = Termodynamiczne aspekty obróbki powierzchni wysokociśnieniową strugą wodno-lodową /cBorkowski Przemysław. c2004. aDane z autopsji. aW pracy zaprezentowano teoretyczną analizę termodynamiczną kształtowania strugi wodno-lodowej. W rozważaniach przyjęto kulisy model ziarna lodu o różnej średnicy. Przeprowadzona analiza dotyczy głównie warunków transportu takiego "ścierniwa lodowego" do kriotryskacza oraz schładzania wysokociśnieniowej strugi wodnej w kriogenicznej instalacji technologicznej. Przeprowadzone rozważania i wyniki badań mają na celu ustalenie priorytetowych kierunków intensyfikujących erozyjność strugi, a tym samym zwiększenie wydajności narzędzia obróbkowego. 0aObróbka wodno-ścierna. 0aInżynieria powierzchni iW :tAdvances in Manufacturing Science and Technology = Postępy Technologii Maszyn. -gVol. 28, 2004, nr 2, s. 79-90